[Event "15th EUR-ch (w)"]
[Site "Plovdiv BUL"]
[Date "2014.07.07"]
[Round "2.57"]
[White "Blagojevic, Tijana"]
[Black "Krasteva, Beloslava"]
[Result "1/2-1/2"]
[WhiteElo "2154"]
[BlackElo "1361"]
[EventDate "2014.07.06"]
[PlyCount "146"]

1.e4 c5 2.Nf3 d6 3.Bb5+ Nd7 4.d4 cxd4 5.Qxd4 a6 6.Bxd7+ Bxd7 7.O-O e5 8.
Qd3 h6 9.c4 b5 10.Na3 Qb8 11.Rd1 Nf6 12.Nh4 Be7 13.cxb5 axb5 14.Nf5 Bxf5 
15.exf5 b4 16.Nc4 d5 17.Ne3 d4 18.Nc4 b3 19.a3 O-O 20.Qg3 e4 21.Qxb8 Rfxb8
22.Bf4 Rb5 23.Rxd4 Rxf5 24.Be3 Bc5 25.Rd2 Bxe3 26.Nxe3 Rc5 27.Rad1 Rac8 
28.Rd8+ Rxd8 29.Rxd8+ Kh7 30.Rb8 Rc1+ 31.Nf1 e3 32.fxe3 Ne4 33.Rd8 Rb1 34.
Rd4 f5 35.g4 Kg6 36.gxf5+ Kxf5 37.a4 Rxb2 38.Rb4 Rb1 39.Kg2 b2 40.Ng3+ 
Nxg3 41.hxg3 Ra1 42.Rxb2 Rxa4 43.Kf3 g5 44.g4+ Kg6 45.Rb6+ Kg7 46.Rd6 h5 
47.gxh5 Ra5 48.e4 Re5 49.Ke3 g4 50.Rd5 Re6 51.Rg5+ Kh6 52.Rxg4 Kxh5 53.Rg1
Re8 54.Kd4 Rd8+ 55.Kc5 Re8 56.Kd5 Rd8+ 57.Kc6 Re8 58.Re1 Kg6 59.Kd7 Re5 
60.Kd6 Re8 61.Rg1+ Kf7 62.Rf1+ Kg7 63.e5 Ra8 64.Rg1+ Kf8 65.e6 Ra6+ 66.Ke5
Ra2 67.Rf1+ Ke7 68.Rf7+ Ke8 69.Rf4 Ke7 70.Rf7+ Ke8 71.Rd7 Re2+ 72.Kf5 Rf2+
73.Kg4 Re2 1/2-1/2

[Event "15th EUR-ch (w)"]
[Site "Plovdiv BUL"]
[Date "2014.07.07"]
[Round "2.58"]
[White "Brezalieva, Steliyana"]
[Black "Kouvatsou, Maria"]
[Result "1/2-1/2"]
[WhiteElo "1456"]
[BlackElo "2152"]
[EventDate "2014.07.06"]
[PlyCount "89"]

1.d4 Nf6 2.c4 g6 3.Nc3 Bg7 4.e4 d6 5.f4 O-O 6.Nf3 c5 7.d5 e6 8.Be2 exd5 9.
cxd5 Bg4 10.O-O Nbd7 11.h3 Bxf3 12.Bxf3 Re8 13.Re1 a6 14.a4 Rb8 15.a5 b5 
16.axb6 Rxb6 17.Qa4 Qb8 18.Qc4 Rb4 19.Qxa6 Nb6 20.Qf1 Nc4 21.Na2 Nxd5 22.
Nxb4 Qxb4 23.e5 Nc7 24.Bc6 Re7 25.Ra4 Qb6 26.Rxc4 Qxc6 27.exd6 Qxd6 28.
Rxe7 Qxe7 29.Rc2 Bd4+ 30.Kh1 Nd5 31.Re2 Qf6 32.Qf3 Nc7 33.Be3 Ne6 34.Bxd4 
Qxd4 35.Rf2 Qd6 36.f5 Nd4 37.Qa8+ Kg7 38.f6+ Kh6 39.Qe4 g5 40.Qg4 Qe5 41.
h4 Ne6 42.hxg5+ Nxg5 43.Rf4 Qe3 44.Qh4+ Kg6 45.Rf2 1/2-1/2

[Event "15th EUR-ch (w)"]
[Site "Plovdiv BUL"]
[Date "2014.07.08"]
[Round "3.1"]
[White "Dzagnidze, Nana"]
[Black "Melia, Salome"]
[Result "1-0"]
[WhiteElo "2541"]
[BlackElo "2454"]
[EventDate "2014.07.06"]
[PlyCount "83"]

1.d4 Nf6 2.c4 e6 3.Nf3 d5 4.Nc3 Be7 5.e3 O-O 6.Bd3 c5 7.O-O Nc6 8.dxc5 
dxc4 9.Bxc4 Bxc5 10.a3 a6 11.b4 Ba7 12.Bb2 Qe7 13.Qc2 Rd8 14.Ne4 Nxe4 15.
Qxe4 Bd7 16.h4 h6 17.Rad1 Rac8 18.Rd2 Bb8 19.Rfd1 Be8 20.Qg4 e5 21.Bd5 Kh8
22.h5 Bd7 23.Qg3 Kh7 24.Bxc6 Bxc6 25.Bxe5 Bxe5 26.Nxe5 Rxd2 27.Rxd2 Be8 
28.Nf3 a5 29.Qg4 Rc1+ 30.Kh2 a4 31.Qf5+ Kg8 32.Qf4 Ra1 33.Rd3 f6 34.Qc4+ 
Kh7 35.Qd5 Qc7+ 36.g3 Bc6 37.Qf5+ Kh8 38.e4 Qe7 39.Qc8+ Kh7 40.Rd8 Qxd8 
41.Qxd8 Bxe4 42.Qd4 1-0

[Event "15th EUR-ch (w)"]
[Site "Plovdiv BUL"]
[Date "2014.07.08"]
[Round "3.3"]
[White "Pogonina, Natalia"]
[Black "Zhukova, Natalia"]
[Result "0-1"]
[WhiteElo "2508"]
[BlackElo "2451"]
[EventDate "2014.07.06"]
[PlyCount "122"]

1.e4 e5 2.Nf3 Nc6 3.Bb5 a6 4.Ba4 Nge7 5.c4 g6 6.h4 h6 7.d3 Bg7 8.Be3 f5 9.
Bxc6 Nxc6 10.Nc3 O-O 11.Qb3 d6 12.O-O-O Be6 13.Qxb7 Qd7 14.Nd5 Bxd5 15.
cxd5 Ne7 16.Qb3 Rfb8 17.Qc4 Rb5 18.Kb1 Rab8 19.Bc1 a5 20.Nd2 Rc5 21.Qa6 
Rcb5 22.Qa7 f4 23.f3 Nc8 24.Qf2 c6 25.dxc6 Qxc6 26.Nc4 d5 27.exd5 Rxd5 28.
h5 Nd6 29.hxg6 Nb5 30.Ka1 Qxg6 31.Qc2 Nd4 32.Qd2 a4 33.Rhe1 Nc6 34.Re4 Nd4
35.Kb1 Qa6 36.Rde1 Nc6 37.Qc3 Rbd8 38.Rd1 Nd4 39.Qe1 Nc6 40.Qc3 Nd4 41.Qb4
Ne6 42.Qb6 Qc8 43.Re2 Nc5 44.Qg6 Rxd3 45.Rde1 e4 46.fxe4 Rg3 47.Qb6 Nd3 
48.Rd1 Rd4 49.Na3 Rb4 50.Qa5 Qc3 51.Qd5+ Kh8 52.Rc2 Nxb2 53.Qa8+ Kh7 54.
Rxc3 Nxd1+ 55.Kc2 Nxc3 56.e5 Ne4 57.Qa5 Rc3+ 58.Kd1 Rd4+ 59.Ke2 Rxc1 60.e6
Ng3+ 61.Kf3 h5 0-1

[Event "15th EUR-ch (w)"]
[Site "Plovdiv BUL"]
[Date "2014.07.08"]
[Round "3.4"]
[White "Girya, Olga"]
[Black "Mkrtchian, Lilit"]
[Result "0-1"]
[WhiteElo "2493"]
[BlackElo "2446"]
[EventDate "2014.07.06"]
[PlyCount "132"]

1.d4 Nf6 2.c4 e6 3.Nf3 b6 4.g3 Ba6 5.Qb3 Nc6 6.Nbd2 d5 7.Bg2 Bd6 8.Qa4 Bb7
9.cxd5 exd5 10.Nc4 h6 11.Nfe5 O-O 12.Nxc6 Qd7 13.N4e5 Bxe5 14.dxe5 Bxc6 
15.Qc2 Ne4 16.Be3 Bb7 17.f3 Ng5 18.h4 Ne6 19.f4 c5 20.f5 d4 21.fxe6 fxe6 
22.Bxb7 Qxb7 23.O-O-O dxe3 24.Qb3 c4 25.Qxe3 Rac8 26.Rhf1 Rxf1 27.Rxf1 Qa6
28.Kb1 Qb5 29.Rc1 Qd5 30.g4 Rc5 31.g5 hxg5 32.hxg5 Qxe5 33.Qxe5 Rxe5 34.g6
b5 35.a4 a6 36.b3 Kf8 37.bxc4 bxc4 38.Rxc4 Ke7 39.Rf4 Rf5 40.Rb4 Kf6 41.
Kc2 Re5 42.Kd3 Ra5 43.Kc3 Kxg6 44.Rb6 Rxa4 45.Rxe6+ Kf5 46.Re8 g5 47.Kd3 
Ra3+ 48.Kd4 g4 49.Rf8+ Ke6 50.e4 Ra4+ 51.Ke3 Ra3+ 52.Kd4 g3 53.Rg8 a5 54.
Rg6+ Kf7 55.Rg4 a4 56.e5 Rb3 57.Kd5 a3 58.e6+ Kf6 59.Rf4+ Ke7 60.Rf7+ Ke8 
61.Ra7 g2 62.Ra8+ Ke7 63.Ra7+ Kf6 64.Rf7+ Kg6 65.Rf8 Kg7 66.e7 Re3 0-1

[Event "15th EUR-ch (w)"]
[Site "Plovdiv BUL"]
[Date "2014.07.08"]
[Round "3.5"]
[White "Foisor, Cristina"]
[Black "Socko, Monika"]
[Result "1/2-1/2"]
[WhiteElo "2383"]
[BlackElo "2462"]
[EventDate "2014.07.06"]
[PlyCount "121"]

1.c4 Nf6 2.g3 e6 3.Nf3 d5 4.b3 Be7 5.Bg2 O-O 6.Bb2 c5 7.O-O Nc6 8.e3 b6 9.
Qe2 Bb7 10.d3 Qc7 11.Nbd2 Rad8 12.a3 Rfe8 13.Rfd1 e5 14.cxd5 Nxd5 15.Nc4 
Bf8 16.Rac1 f6 17.e4 Nde7 18.b4 b5 19.Ne3 cxb4 20.axb4 Qd6 21.d4 exd4 22.
Nxd4 Qxb4 23.Ne6 Rxd1+ 24.Rxd1 Ng6 25.Nxf8 Nxf8 26.Nd5 Qc4 27.Qh5 Re6 28.
Nc7 Re7 29.Nxb5 Ne5 30.Nd6 Qb3 31.Bxe5 Rxe5 32.Qf3 Qxf3 33.Bxf3 Bc6 34.Be2
g6 35.f3 a5 36.Rc1 Bd7 37.f4 Re7 38.Rc5 a4 39.Ra5 Bc6 40.Bc4+ Kg7 41.Kf2 
Bxe4 42.Rxa4 Bc6 43.Ra6 Bh1 44.g4 Ne6 45.Nc8 Nc7 46.Nxe7 Nxa6 47.Bxa6 Kf7 
48.Nc8 Ke6 49.Ke3 h5 50.gxh5 gxh5 51.Nb6 h4 52.Bc8+ Kf7 53.Be6+ Kxe6 54.
Nc4 Bd5 55.Nb2 Kf5 56.Nd3 Kg4 57.Nf2+ Kf5 58.Nd3 Kg4 59.Nf2+ Kf5 60.Nd3 
Kg4 61.Nf2+ 1/2-1/2

[Event "15th EUR-ch (w)"]
[Site "Plovdiv BUL"]
[Date "2014.07.08"]
[Round "3.6"]
[White "Szczepkowska-Horowska, Karina"]
[Black "Danielian, Elina"]
[Result "1/2-1/2"]
[WhiteElo "2369"]
[BlackElo "2458"]
[EventDate "2014.07.06"]
[PlyCount "96"]

1.e4 c6 2.d4 d5 3.Nd2 dxe4 4.Nxe4 Bf5 5.Ng3 Bg6 6.Nh3 Nf6 7.c3 e6 8.Nf4 
Bd6 9.h4 Bxf4 10.Bxf4 h6 11.h5 Bh7 12.Qb3 Qe7 13.Be2 O-O 14.O-O a5 15.c4 
a4 16.Qf3 Nbd7 17.Rfe1 Rfe8 18.Bd3 Bxd3 19.Qxd3 Qb4 20.Re2 b5 21.Rc1 bxc4 
22.Qxc4 Qb6 23.Be5 Rec8 24.Qd3 Ra5 25.Ne4 Nxe4 26.Qxe4 Rb5 27.Rcc2 Rd5 28.
Qg4 Nxe5 29.dxe5 a3 30.b3 Rd1+ 31.Kh2 Rcd8 32.Qf3 Qd4 33.Rxc6 Qh4+ 34.Qh3 
Qg5 35.Rc4 R8d4 36.Re3 Rxc4 37.bxc4 Rd4 38.Qf3 Rxc4 39.g3 Rd4 40.Kg2 Rd5 
41.Rxa3 Qxe5 42.Ra8+ Kh7 43.Qxf7 Qe4+ 44.Kh2 Rxh5+ 45.Qxh5 Qxa8 46.Qe2 Qc6
47.a4 Qxa4 48.Qxe6 Qc2 1/2-1/2

[Event "15th EUR-ch (w)"]
[Site "Plovdiv BUL"]
[Date "2014.07.08"]
[Round "3.7"]
[White "Guseva, Marina"]
[Black "Gunina, Valentina"]
[Result "0-1"]
[WhiteElo "2362"]
[BlackElo "2501"]
[EventDate "2014.07.06"]
[PlyCount "72"]

1.d4 d5 2.c4 c6 3.Nf3 Nf6 4.e3 Bf5 5.Nc3 e6 6.Nh4 Bg6 7.Nxg6 hxg6 8.Bd3 
Qc7 9.h3 Nbd7 10.Bd2 Be7 11.Qc2 O-O 12.O-O Rac8 13.Rfd1 dxc4 14.Bxc4 Nb6 
15.Be2 c5 16.dxc5 Qxc5 17.Qb3 Rfd8 18.Be1 Rxd1 19.Rxd1 Nfd5 20.Bf3 Nxc3 
21.Bxc3 Rc7 22.a4 Bf6 23.a5 Nd7 24.Bxf6 gxf6 25.Qa4 Qe7 26.Qd4 b6 27.b4 
Kg7 28.Be2 bxa5 29.bxa5 Qa3 30.a6 Ne5 31.Qd6 Qc3 32.Qd2 Qb3 33.Qd8 Rc2 34.
Bf1 Ra2 35.Qd4 Qc2 36.f4 Nf3+ 0-1

[Event "15th EUR-ch (w)"]
[Site "Plovdiv BUL"]
[Date "2014.07.08"]
[Round "3.8"]
[White "Bulmaga, Irina"]
[Black "Hoang Thanh Trang"]
[Result "0-1"]
[WhiteElo "2357"]
[BlackElo "2490"]
[EventDate "2014.07.06"]
[PlyCount "94"]

1.e4 e6 2.d3 d5 3.Qe2 Nf6 4.Nf3 Be7 5.g3 c5 6.Bg2 Nc6 7.O-O b5 8.e5 Nd7 9.
a4 b4 10.c4 bxc3 11.bxc3 c4 12.dxc4 Ba6 13.Nbd2 Nb6 14.Nd4 Nxd4 15.cxd4 
Nxc4 16.Nxc4 Bxc4 17.Qg4 g6 18.Rd1 h5 19.Qf3 Rb8 20.Be3 O-O 21.Bh6 Rb3 22.
Qf4 Re8 23.h4 Qa5 24.Bf1 Bxf1 25.Kxf1 Rc8 26.Rac1 Rbc3 27.Rxc3 Qxc3 28.Kg2
Qb3 29.Rc1 Rc4 30.Bg5 Bf8 31.a5 Qa4 32.Rb1 Rb4 33.Rxb4 Qxb4 34.Qc1 Qxd4 
35.Qc8 Qc5 36.Qd8 d4 37.Bh6 Qd5+ 38.Qxd5 exd5 39.Bd2 a6 40.Kf3 Bc5 41.Ke2 
d3+ 42.Kf1 Kf8 43.f4 Ke7 44.Kg2 Ke6 45.Kf3 Kf5 46.Bc3 d4 47.Be1 Ba3 0-1

[Event "15th EUR-ch (w)"]
[Site "Plovdiv BUL"]
[Date "2014.07.08"]
[Round "3.9"]
[White "Stefanova, Antoaneta"]
[Black "Mammadova, Gulnar"]
[Result "1-0"]
[WhiteElo "2488"]
[BlackElo "2331"]
[EventDate "2014.07.06"]
[PlyCount "167"]

1.d4 d5 2.c4 c6 3.Nf3 Nf6 4.e3 e6 5.b3 Ne4 6.Bd3 Bb4+ 7.Nbd2 O-O 8.a3 Bc3 
9.Ra2 Nd7 10.Qc2 f5 11.b4 Bxd2+ 12.Nxd2 Qe7 13.O-O e5 14.cxd5 cxd5 15.Qc7 
Nxd2 16.Bxd2 e4 17.Be2 Qf6 18.a4 Rf7 19.a5 Nf8 20.Qe5 Qd8 21.f3 Ng6 22.Qg3
f4 23.exf4 Qf6 24.fxe4 dxe4 25.d5 Qd4+ 26.Be3 Qxb4 27.Qf2 Bd7 28.g3 Re8 
29.Rc1 Ne5 30.Bc5 Qb3 31.Rd2 a6 32.Qe3 Qxe3+ 33.Bxe3 Nf3+ 34.Bxf3 exf3 35.
Kf2 Rfe7 36.Rc3 Bg4 37.d6 Rd7 38.Rc5 h6 39.Rcd5 Re6 40.R2d4 g6 41.h3 Bxh3 
42.Kxf3 h5 43.Kf2 Bg4 44.Rd2 Kf7 45.Bb6 Re4 46.Bc7 Rc4 47.Ke3 Bf5 48.R5d4 
Rc3+ 49.Kf2 Bg4 50.R4d3 Rc4 51.Ke3 Rb4 52.Rc3 Bf5 53.Rd4 Rb5 54.Rdc4 Bh3 
55.Rc5 Rb4 56.R5c4 Rb5 57.Kd4 Rb1 58.Rc1 Rb3 59.R1c3 Rb1 60.Re3 Bf1 61.Rc5
Rd1+ 62.Kc3 Rc1+ 63.Kb4 Rb1+ 64.Rb3 Re1 65.Rcc3 Bg2 66.Kc5 Rd1 67.Rd3 Rc1+
68.Kb6 Rc6+ 69.Ka7 Rcxc7 70.dxc7 Rxc7 71.Kb6 Rc2 72.Rd7+ Ke6 73.Rxb7 Bxb7 
74.Kxb7 Kd7 75.Kxa6 Kc7 76.Rb7+ Kc8 77.Rg7 h4 78.Rxg6 hxg3 79.Rxg3 Rf2 80.
Rc3+ Kd7 81.Rc4 Rb2 82.Rc5 Rf2 83.f5 Kd6 84.Kb6 1-0

[Event "15th EUR-ch (w)"]
[Site "Plovdiv BUL"]
[Date "2014.07.08"]
[Round "3.10"]
[White "Javakhishvili, Lela"]
[Black "Kocetkova, Julia"]
[Result "1-0"]
[WhiteElo "2474"]
[BlackElo "2333"]
[EventDate "2014.07.06"]
[PlyCount "113"]

1.d4 Nf6 2.c4 e6 3.Nf3 d5 4.g3 dxc4 5.Bg2 Be7 6.Na3 O-O 7.Nxc4 c5 8.O-O b5
9.Nfe5 Nd5 10.Ne3 Bb7 11.dxc5 Bxc5 12.Nxd5 Bxd5 13.Bxd5 exd5 14.Qd3 Qe7 
15.Qxd5 Na6 16.Nd3 Rad8 17.Qg5 f6 18.Qf5 g6 19.Qg4 f5 20.Qf3 Bd4 21.a4 b4 
22.Qc6 Nc5 23.Nxc5 Bxc5 24.h4 Rc8 25.Qd5+ Rf7 26.Bg5 Qxe2 27.Rac1 Bxf2+ 
28.Rxf2 Rxc1+ 29.Bxc1 Qe1+ 30.Rf1 Qxg3+ 31.Qg2 Qxh4 32.Bf4 Qd8 33.Qd2 Qb6+
34.Qe3 Qxe3+ 35.Bxe3 Rc7 36.Rf4 Rb7 37.Rc4 Kf7 38.Bd2 a5 39.Rc5 Rd7 40.Be3
Rd1+ 41.Kf2 Rb1 42.Bd4 Rd1 43.Be5 h5 44.Rxa5 h4 45.Rb5 Ke6 46.Bf4 Rd4 47.
Rb6+ Kf7 48.Rb7+ Ke6 49.Ke3 Re4+ 50.Kf3 h3 51.a5 Kd5 52.a6 Re6 53.a7 Ra6 
54.Be3 Ra1 55.Rh7 g5 56.Bxg5 h2 57.Be3 1-0

[Event "15th EUR-ch (w)"]
[Site "Plovdiv BUL"]
[Date "2014.07.08"]
[Round "3.11"]
[White "Khurtsidze, Nino"]
[Black "Videnova, Iva"]
[Result "1-0"]
[WhiteElo "2460"]
[BlackElo "2315"]
[EventDate "2014.07.06"]
[PlyCount "61"]

1.Nf3 Nf6 2.e3 g6 3.b4 Bg7 4.Bb2 O-O 5.c4 d6 6.d3 e5 7.Nc3 Re8 8.Be2 a5 9.
b5 e4 10.Nd4 c5 11.bxc6 bxc6 12.dxe4 a4 13.Rb1 Qc7 14.O-O Nxe4 15.Nxe4 
Rxe4 16.Bf3 Re8 17.Nb5 cxb5 18.Bxg7 Bg4 19.Bxg4 Kxg7 20.Qd4+ Kg8 21.cxb5 
Nd7 22.b6 Qd8 23.b7 Rb8 24.Qxa4 Nc5 25.Qc6 Ne4 26.Rfc1 Qh4 27.Qxe8+ Rxe8 
28.Rc8 Qxf2+ 29.Kh1 Qxe3 30.Rxe8+ Kg7 31.Rxe4 1-0

[Event "15th EUR-ch (w)"]
[Site "Plovdiv BUL"]
[Date "2014.07.08"]
[Round "3.12"]
[White "Kashlinskaya, Alina"]
[Black "Ozturk, Kubra"]
[Result "1-0"]
[WhiteElo "2441"]
[BlackElo "2311"]
[EventDate "2014.07.06"]
[PlyCount "149"]

1.Nf3 Nf6 2.g3 d5 3.Bg2 g6 4.d4 Bg7 5.c4 c6 6.cxd5 cxd5 7.Ne5 O-O 8.Nc3 e6
9.O-O Nfd7 10.Nf3 Nf6 11.Bf4 Nc6 12.Rc1 Ne4 13.Nxe4 dxe4 14.Ne5 Qxd4 15.
Nxc6 bxc6 16.Qxd4 Bxd4 17.Bxe4 Ba6 18.Rc2 Rac8 19.Rfc1 c5 20.Bd6 Rfd8 21.
Bxc5 Bxc5 22.Rxc5 Rxc5 23.Rxc5 Bxe2 24.Rc7 a6 25.Kg2 Rd4 26.Bf3 Bd3 27.Rc5
Kg7 28.a3 Bb5 29.Bc6 Be2 30.b4 Kf6 31.h4 Ke7 32.Rc2 Bd3 33.Rc3 e5 34.Rc5 
f6 35.Bb7 Rd7 36.Bc8 Rd4 37.Bb7 Rd7 38.Bc8 Rd4 39.Kf3 Bf1 40.Rc3 Bb5 41.
Ke3 f5 42.Bb7 Rd7 43.Bf3 Rd4 44.Bc6 Rc4 45.Rxc4 Bxc4 46.Kd2 Kd6 47.Bb7 Bb5
48.Kc3 h6 49.Bc8 Kc7 50.Be6 Kd6 51.Bc4 g5 52.hxg5 hxg5 53.Kb3 e4 54.a4 
Bxc4+ 55.Kxc4 Ke5 56.b5 axb5+ 57.axb5 f4 58.g4 Kd6 59.Kd4 e3 60.fxe3 f3 
61.Kd3 Kc5 62.Kd2 Kxb5 63.Ke1 Kc5 64.Kf2 Kd5 65.Kxf3 Ke5 66.Kf2 Kd5 67.Ke1
Ke5 68.Kd2 Kd5 69.Kd3 Ke5 70.e4 Kf4 71.Kd4 Kxg4 72.e5 Kf5 73.Kd5 Kg6 74.e6
g4 75.Ke4 1-0

[Event "15th EUR-ch (w)"]
[Site "Plovdiv BUL"]
[Date "2014.07.08"]
[Round "3.14"]
[White "Yildiz, Betul Cemre"]
[Black "Batsiashvili, Nino"]
[Result "0-1"]
[WhiteElo "2312"]
[BlackElo "2417"]
[EventDate "2014.07.06"]
[PlyCount "172"]

1.e4 e5 2.Nf3 Nc6 3.Nc3 Nf6 4.d4 exd4 5.Nxd4 Bb4 6.Nxc6 bxc6 7.Bd3 O-O 8.
O-O d5 9.exd5 cxd5 10.Bg5 c6 11.Qf3 Be7 12.h3 h6 13.Bf4 Bd6 14.Rfe1 Rb8 
15.b3 Be6 16.Ne2 Re8 17.Rad1 c5 18.Bxd6 Qxd6 19.Nf4 Qb6 20.Nxe6 Rxe6 21.
Rxe6 Qxe6 22.Qe2 Re8 23.Qxe6 fxe6 24.Bg6 Rc8 25.Re1 Rc6 26.f4 Kf8 27.Kf2 
Ke7 28.Kf3 Nd7 29.Bd3 Kd6 30.Bb5 Rb6 31.Bxd7 Kxd7 32.f5 exf5 33.Re5 Kd6 
34.Rxf5 Ra6 35.a4 Ke6 36.Rh5 Rb6 37.Rh4 Ke5 38.Ke3 g5 39.Rg4 a5 40.Ke2 Re6
41.Kd3 Rb6 42.Rg3 Rb4 43.Re3+ Kd6 44.Re8 c4+ 45.bxc4 Rxc4 46.Rd8+ Ke5 47.
Re8+ Kf4 48.Rh8 Rc6 49.Kd4 Rxc2 50.Kxd5 Rxg2 51.Kc5 Rb2 52.Rxh6 Rb4 53.
Rf6+ Ke5 54.Rf3 Rxa4 55.Kb5 Ra1 56.Rc3 Kf5 57.Rc5+ Kg6 58.Rc8 Ra3 59.Rh8 
Kf5 60.Rf8+ Ke5 61.Rg8 Kf6 62.Rh8 Ra1 63.Rh6+ Kf5 64.Rh8 Ra2 65.Rf8+ Kg6 
66.Rg8+ Kf6 67.Rh8 Ra1 68.Rh6+ Kf5 69.Rh8 Ra3 70.Rf8+ Ke4 71.Rg8 Rg3 72.
Kxa5 Kf3 73.Kb4 Kg2 74.Kc4 Kxh3 75.Kd4 Rg2 76.Ke3 g4 77.Rh8+ Kg3 78.Rg8 
Ra2 79.Rg7 Kh3 80.Kf4 Rf2+ 81.Ke3 g3 82.Rg8 Kh2 83.Rh8+ Kg1 84.Rg8 g2 85.
Ra8 Rf7 86.Ke2 Rh7 0-1

[Event "15th EUR-ch (w)"]
[Site "Plovdiv BUL"]
[Date "2014.07.08"]
[Round "3.15"]
[White "Arabidze, Meri"]
[Black "Galoian, Lilit"]
[Result "1-0"]
[WhiteElo "2406"]
[BlackElo "2277"]
[EventDate "2014.07.06"]
[PlyCount "83"]

1.d4 Nf6 2.c4 e6 3.Nf3 b6 4.a3 Ba6 5.Qb3 Be7 6.Nc3 d5 7.cxd5 exd5 8.Bg5 c6
9.Bxf6 Bxf6 10.e4 Bxf1 11.Rxf1 dxe4 12.Nxe4 O-O 13.O-O-O Nd7 14.Rfe1 Qc7 
15.Kb1 Rac8 16.Re3 Be7 17.Ng3 Nf6 18.Ne5 Nd5 19.Re4 g6 20.f4 f5 21.Re2 Bf6
22.Rc2 Bxe5 23.dxe5 Qf7 24.Ne2 Rfd8 25.Rcd2 Re8 26.g3 Nc7 27.Qa4 Ne6 28.
Rd7 Re7 29.Qxa7 Rc7 30.Rxc7 Nxc7 31.Qxb6 Nb5 32.Qe3 Qc4 33.Rc1 Qa4 34.Ka2 
Kg7 35.Qb3 Qe4 36.Nc3 Qe3 37.Rd1 Nd4 38.Qc4 Nc2 39.Qd3 Qxd3 40.Rxd3 Ra7 
41.Kb1 Nxa3+ 42.bxa3 1-0

[Event "15th EUR-ch (w)"]
[Site "Plovdiv BUL"]
[Date "2014.07.08"]
[Round "3.16"]
[White "Ibrahimova, Sabina"]
[Black "Guramishvili, Sopiko"]
[Result "1/2-1/2"]
[WhiteElo "2218"]
[BlackElo "2402"]
[EventDate "2014.07.06"]
[PlyCount "74"]

1.e4 c5 2.Nf3 d6 3.d4 cxd4 4.Nxd4 Nf6 5.Nc3 a6 6.h3 e6 7.g4 Nfd7 8.Bg2 Be7
9.Be3 Nc6 10.O-O O-O 11.f4 Nxd4 12.Qxd4 e5 13.Qd2 exf4 14.Bxf4 Ne5 15.Nd5 
Be6 16.Nxe7+ Qxe7 17.b3 Rfd8 18.a4 a5 19.Rad1 Qc7 20.Rf2 Rd7 21.Qe3 Rc8 
22.Rfd2 f6 23.g5 fxg5 24.Bxg5 Rf8 25.Bf4 Rdf7 26.Rf2 Qc8 27.Rdf1 Qd7 28.
Qg3 Qc7 29.Qe3 Rf6 30.c4 b6 31.Bg3 Rxf2 32.Rxf2 Rxf2 33.Bxf2 Nd7 34.Qg3 
Ne5 35.Qe3 Nd7 36.Qg3 Ne5 37.Qe3 Nd7 1/2-1/2

[Event "15th EUR-ch (w)"]
[Site "Plovdiv BUL"]
[Date "2014.07.08"]
[Round "3.18"]
[White "Mammadzada, Gunay"]
[Black "Gaponenko, Inna"]
[Result "0-1"]
[WhiteElo "2182"]
[BlackElo "2380"]
[EventDate "2014.07.06"]
[PlyCount "46"]

1.e4 d6 2.d4 Nf6 3.Nc3 g6 4.f4 Bg7 5.Nf3 O-O 6.Bd3 Nc6 7.e5 dxe5 8.fxe5 
Nh5 9.Be3 Bg4 10.Ne2 f6 11.O-O fxe5 12.Nxe5 Nxe5 13.Rxf8+ Qxf8 14.dxe5 
Bxe5 15.Bc4+ e6 16.h3 Rd8 17.Qe1 Bxe2 18.Qxe2 Qd6 19.g4 Bxb2 20.Rb1 Qg3+ 
21.Kh1 Qxh3+ 22.Kg1 Nf4 23.Bxe6+ Kh8 0-1

[Event "15th EUR-ch (w)"]
[Site "Plovdiv BUL"]
[Date "2014.07.08"]
[Round "3.19"]
[White "Schleining, Zoya"]
[Black "Nevioselaya, Maria"]
[Result "1-0"]
[WhiteElo "2376"]
[BlackElo "2039"]
[EventDate "2014.07.06"]
[PlyCount "61"]

1.g3 d5 2.Bg2 c6 3.c4 Nf6 4.Nf3 dxc4 5.Na3 e5 6.Nxc4 e4 7.Ng5 Bc5 8.O-O 
Bf5 9.Qb3 Qe7 10.d4 exd3 11.e4 Bg6 12.e5 Ng4 13.Nd6+ Kf8 14.Bf4 Bb6 15.e6 
Na6 16.Ndxf7 Bxf7 17.Nxf7 Nc5 18.Qd1 Qxe6 19.Nxh8 Kg8 20.Bh3 h5 21.Bxg4 
hxg4 22.b4 Ne4 23.Qxd3 Kxh8 24.Qc2 Nf6 25.Rae1 Qd7 26.Qg6 Nd5 27.Re4 Rf8 
28.Be5 Ne3 29.Qxg7+ Qxg7 30.Bxg7+ Kxg7 31.fxe3 1-0

[Event "15th EUR-ch (w)"]
[Site "Plovdiv BUL"]
[Date "2014.07.08"]
[Round "3.20"]
[White "Golubenko, Valentina"]
[Black "Charochkina, Daria"]
[Result "0-1"]
[WhiteElo "2292"]
[BlackElo "2375"]
[EventDate "2014.07.06"]
[PlyCount "144"]

1.d4 Nf6 2.Nf3 g6 3.c4 Bg7 4.g3 d5 5.cxd5 Nxd5 6.e4 Nb6 7.Bg2 Bg4 8.e5 Nc6
9.Be3 Qd7 10.Nbd2 f6 11.exf6 exf6 12.Nb3 Nd5 13.O-O b6 14.Rc1 O-O 15.Qd2 
a5 16.h3 Be6 17.Bh6 Ndb4 18.Bxg7 Kxg7 19.a3 Bxb3 20.axb4 axb4 21.Ng5 Ba4 
22.Bxc6 Bxc6 23.Rxc6 Qxc6 24.d5 Qd6 25.Ne6+ Kg8 26.Nxf8 Rxf8 27.Rc1 Rd8 
28.Qe3 Rd7 29.Qe8+ Kg7 30.Re1 Qxd5 31.Re6 Rf7 32.Re7 Rxe7 33.Qxe7+ Qf7 34.
Qxb4 Qe6 35.h4 Kf7 36.Qf4 Qe5 37.Qh6 Kg8 38.Qd2 Qd6 39.Qe2 c5 40.h5 Qe5 
41.Qc4+ Kg7 42.Qb5 Qd6 43.hxg6 hxg6 44.Qa4 f5 45.Qa7+ Kf6 46.Qa8 Ke5 47.
Qa4 Kd5 48.Qd1+ Kc6 49.Qa4+ Kb7 50.Qe8 Kc7 51.Qf7+ Kc6 52.Qe8+ Kd5 53.Qa8+
Qc6 54.Qg8+ Qe6 55.Qa8+ Kd4 56.Qa3 Qe1+ 57.Kg2 Qb4 58.Qe3+ Kd5 59.Qc1 Qe4+
60.Kg1 Qd3 61.Kg2 b5 62.Qg5 Qe4+ 63.Kg1 Qb1+ 64.Kg2 Qxb2 65.Qxg6 Qe5 66.
Qf7+ Kd4 67.Kh3 Qd5 68.Qf6+ Kd3 69.Kh4 Qd4+ 70.Qxd4+ cxd4 71.f4 Ke4 72.Kg5
d3 0-1

[Event "15th EUR-ch (w)"]
[Site "Plovdiv BUL"]
[Date "2014.07.08"]
[Round "3.21"]
[White "Bodnaruk, Anastasia"]
[Black "Mamedyarova, Turkan"]
[Result "1-0"]
[WhiteElo "2429"]
[BlackElo "2205"]
[EventDate "2014.07.06"]
[PlyCount "115"]

1.e4 e5 2.Nf3 Nc6 3.Bb5 Nge7 4.c3 g6 5.d4 exd4 6.cxd4 d5 7.e5 Bg7 8.O-O 
O-O 9.h3 a6 10.Ba4 h6 11.Nc3 Bd7 12.Re1 Kh7 13.Ne2 Bf5 14.Ng3 Be6 15.Nh2 
Nf5 16.Nxf5 Bxf5 17.Bxc6 bxc6 18.Bf4 g5 19.Bg3 Rb8 20.Qd2 Qe7 21.Rac1 Qb4 
22.Re2 Qxd2 23.Rxd2 h5 24.f4 Bh6 25.Nf3 gxf4 26.Bh4 Rb6 27.Be7 Rg8 28.Kf2 
Be4 29.Rc3 c5 30.Bxc5 Rbg6 31.Kf1 Bg5 32.Bb4 Bd8 33.Rf2 c6 34.Bc5 Rg3 35.
Rb3 Kh8 36.Bd6 R3g6 37.Bc5 Rg3 38.a4 Bb1 39.Ra3 Ba5 40.Be7 Rb8 41.b4 Bb6 
42.Bh4 Rg6 43.Bf6+ Kg8 44.Rc3 Bd8 45.Rxc6 Bxf6 46.exf6 Rxb4 47.Ne5 Rg3 48.
Rc8+ Kh7 49.Nxf7 Rxd4 50.Ne5 Rd1+ 51.Ke2 Rd4 52.Nf3 Re4+ 53.Kd1 Rg8 54.
Rxg8 Kxg8 55.Rb2 Rxa4 56.Rxb1 Kf7 57.Rb6 Ra2 58.Ne5+ 1-0

[Event "15th EUR-ch (w)"]
[Site "Plovdiv BUL"]
[Date "2014.07.08"]
[Round "3.22"]
[White "Fuchs, Judith"]
[Black "Kosintseva, Tatiana"]
[Result "0-1"]
[WhiteElo "2280"]
[BlackElo "2476"]
[EventDate "2014.07.06"]
[PlyCount "92"]

1.e4 e5 2.Nf3 Nc6 3.Bc4 Nf6 4.d3 Be7 5.Bb3 O-O 6.O-O d6 7.c3 Na5 8.Bc2 c5 
9.Nbd2 Nc6 10.Re1 Re8 11.Nf1 h6 12.h3 Be6 13.Ng3 Rc8 14.Nh2 b5 15.Ng4 Nxg4
16.hxg4 Bg5 17.Nf5 g6 18.Bxg5 hxg5 19.Ne3 Kg7 20.Bb3 Bd7 21.g3 a5 22.Kg2 
a4 23.Bd5 Ne7 24.Qf3 Nxd5 25.Nxd5 Bc6 26.Ne3 Qe7 27.Rh1 Qe6 28.Rh2 Rh8 29.
Rxh8 Rxh8 30.c4 Rb8 31.b3 bxc4 32.bxc4 Rb2 33.Nd1 Rc2 34.Ne3 Rd2 35.Nd1 
Rc2 36.Ne3 Rd2 37.Nd1 Qe7 38.a3 Qb7 39.Qe3 Rxd3 40.Qxg5 Bxe4+ 41.Kh2 f6 
42.Qh4 g5 43.Qh5 Bg6 44.Qh3 Rd2 45.Qg2 Be4 46.Qh3 Qb3 0-1

[Event "15th EUR-ch (w)"]
[Site "Plovdiv BUL"]
[Date "2014.07.08"]
[Round "3.23"]
[White "Peptan, Corina-Isabela"]
[Black "Dragomirescu, Angela"]
[Result "1/2-1/2"]
[WhiteElo "2453"]
[BlackElo "2251"]
[EventDate "2014.07.06"]
[PlyCount "127"]

1.e4 e5 2.Nf3 Nc6 3.Bb5 g6 4.O-O Bg7 5.c3 a6 6.Ba4 d6 7.d4 Bd7 8.dxe5 Nxe5
9.Nbd2 Ne7 10.Bb3 O-O 11.a4 Nd3 12.Nc4 Nxc1 13.Qxc1 Nc6 14.h3 Qe7 15.Re1 
Rae8 16.Qc2 Qd8 17.Ne3 Ne5 18.Nxe5 Bxe5 19.Qd1 Qg5 20.Qf3 Kh8 21.Rad1 h5 
22.Bc2 Be6 23.Nd5 Rc8 24.Qe3 Qxe3 25.Rxe3 Rfe8 26.f4 Bg7 27.Rf3 Kg8 28.a5 
Bd7 29.Kf2 Be6 30.Rg3 Kh7 31.Ba4 c6 32.Ne3 Rcd8 33.Bc2 Bf6 34.Rf3 Bh4+ 35.
g3 Be7 36.g4 hxg4 37.hxg4 Kg7 38.Kg2 Rh8 39.f5 Bc8 40.Bb3 Bf6 41.Rdf1 g5 
42.Rh1 Rxh1 43.Kxh1 Rh8+ 44.Kg2 Be5 45.Rh3 Rxh3 46.Kxh3 Bf4 47.Nd1 Kf6 48.
Nf2 Be3 49.Nd3 Ke7 50.Kg2 f6 51.Kf3 Ba7 52.Nc1 b6 53.axb6 Bxb6 54.Ke2 Bb7 
55.Nd3 a5 56.Ba4 Kd7 57.Kf3 Ba6 58.Ne1 Kc7 59.Bc2 d5 60.Bd3 dxe4+ 61.Bxe4 
Kd6 62.b3 Bb5 63.Nc2 a4 64.bxa4 1/2-1/2

[Event "15th EUR-ch (w)"]
[Site "Plovdiv BUL"]
[Date "2014.07.08"]
[Round "3.24"]
[White "Skripchenko, Almira"]
[Black "Stetsko, Lanita"]
[Result "1-0"]
[WhiteElo "2449"]
[BlackElo "2245"]
[EventDate "2014.07.06"]
[PlyCount "77"]

1.e4 e5 2.Nf3 Nc6 3.Nc3 Nf6 4.Be2 Bb4 5.Nd5 Ba5 6.O-O d6 7.d4 h6 8.c3 exd4
9.Nxd4 Bb6 10.Nxb6 axb6 11.c4 O-O 12.f3 Nxd4 13.Qxd4 Nd7 14.Be3 Nc5 15.
Rfd1 Qe7 16.b4 Ne6 17.Qc3 Bd7 18.a3 Rae8 19.Bf1 f5 20.e5 dxe5 21.Qxe5 f4 
22.Bf2 Qf7 23.b5 Bc8 24.a4 Nc5 25.Qc3 Bf5 26.a5 Qg6 27.Ra2 Rf6 28.Rad2 
Rfe6 29.Rd8 Rxd8 30.Rxd8+ Kh7 31.Rd5 Na4 32.Qd4 Bc2 33.a6 bxa6 34.bxa6 Re8
35.Rd8 c5 36.Qd7 Rxd8 37.Qxd8 b5 38.a7 Nb6 39.cxb5 1-0